Mastering internet / (Record no. 309)

000 -LEADER
fixed length control field nam a22 a 4500
003 - CONTROL NUMBER IDENTIFIER
control field AKMAL
005 - DATE AND TIME OF LATEST TRANSACTION
control field 20170503104825.0
008 - FIXED-LENGTH DATA ELEMENTS--GENERAL INFORMATION
fixed length control field 170503s2002 my 00 eng d
020 ## - INTERNATIONAL STANDARD BOOK NUMBER
International Standard Book Number 9832031559 (kkt.):
Terms of availability RM35.00
040 ## - CATALOGING SOURCE
Original cataloging agency AKMAL
082 04 - DEWEY DECIMAL CLASSIFICATION NUMBER
Classification number 004.67 ISK
Edition number 21
090 00 - LOCALLY ASSIGNED LC-TYPE CALL NUMBER (OCLC); LOCAL CALL NUMBER (RLIN)
Classification number (OCLC) (R) ; Classification number, CALL (RLIN) (NR) 004.67
Local cutter number (OCLC) ; Book number/undivided call number, CALL (RLIN) ISK
100 00 - MAIN ENTRY--PERSONAL NAME
Personal name Iskandar Ab Rashid,
Dates associated with a name 1963-
9 (RLIN) 700
245 10 - TITLE STATEMENT
Title Mastering internet /
Statement of responsibility, etc. Iskandar Ab Rashid, Zaitun Ismail
260 ## - PUBLICATION, DISTRIBUTION, ETC.
Place of publication, distribution, etc. Selangor :
Name of publisher, distributor, etc. Venton Pub.,
Date of publication, distribution, etc. 2002
300 00 - PHYSICAL DESCRIPTION
Extent 262p. :
Other physical details ill. ;
Dimensions 26cm
650 #0 - SUBJECT ADDED ENTRY--TOPICAL TERM
Topical term or geographic name entry element Internet (Computer network)
9 (RLIN) 652
650 #0 - SUBJECT ADDED ENTRY--TOPICAL TERM
Topical term or geographic name entry element World Wide Web (Information retrieval system)
9 (RLIN) 653
700 0# - ADDED ENTRY--PERSONAL NAME
Personal name Zaitun Ismail
9 (RLIN) 701
942 ## - ADDED ENTRY ELEMENTS (KOHA)
Source of classification or shelving scheme
Koha item type Book
Holdings
Withdrawn status Lost status Source of classification or shelving scheme Damaged status Not for loan Collection code Home library Current library Shelving location Date acquired Inventory number Total Checkouts Full call number Barcode Date last seen Price effective from Koha item type
          NON-FICTION AKMAL Melaka AKMAL Melaka PINJAMAN 03.05.2017 000654   004.67 ISK 201701193 03.05.2017 03.05.2017 Book
Pusat Sumber Maklumat Dato' Haji Sarmin Md Hussin, Akademi Kastam Diraja Malaysia, Melaka
Tel: 06-2331106 | Faks: 06-2313787